Представление документа в формате RUSMARC

ПолеНазваниеЗначение
  Тип записи a
  Библиографический уровень m
001 Контрольный номер ee892be757754d839cbdea74f87049e6
005 Дата корректировки 20140526192821.4
200 Заглавие и сведения об ответственности __
a Заглавие Теория и практика валютного дилинга
f Первые сведения об ответственности Пискулов, Дмитрий Юрьевич
205 Сведения об издании __
a Основные сведения об издании 2-е изд. испр.
210 Выходные данные __
a Место издания Москва
c Издательство "ИНФРА-М"
d Дата издания 1996
215 Физическое описание __
a Объем 214
610 Ключевые слова __
a Ключевые слова Валютные операции
686 Индексы других классификаций __
a Классификационный индекс 65.9(2)8
2 Код системы rubbk
686 Индексы других классификаций __
a Классификационный индекс 65.9(2)826
2 Код системы rubbk
700 Автор __
a Фамилия Пискулов, Дмитрий Юрьевич
801 Источник записи _0
a Страна RU
b Организация РУК
c Дата составления 19971114
g Правила каталогизации PSBO
801 Источник записи _1
a Страна RU
b Организация РУК
c Дата составления 19971114
g Правила каталогизации PSBO
852 Данные о местонахождении __
i Авторский знак П34
j Шифр хранения 65.9(2)826
901 Тип документа __
t Тип документа m
938 Служебная информация __
a Название организации Головной вуз
b Имя БД BOOK
c Название АИБС АИБС ИРБИС